Quantitative carbon black dispersion analysis (Record no. 66194)

MARC details
000 -LEADER
fixed length control field 00397nam a2200133Ia 4500
100 ## - MAIN ENTRY--AUTHOR NAME
Personal name Hess W M
245 #0 - TITLE STATEMENT
Title Quantitative carbon black dispersion analysis
260 ## - PUBLICATION, DISTRIBUTION, ETC. (IMPRINT)
Name of publisher Proceedings of the International Rubber Conference, Venice, 1979; p549
650 ## - SUBJECT ADDED ENTRY--TOPICAL TERM
Topical Term Carbon black dispersion
700 ## - ADDED ENTRY--PERSONAL NAME
Personal name Chirico V E
700 ## - ADDED ENTRY--PERSONAL NAME
Personal name Vegvari P C
942 ## - ADDED ENTRY ELEMENTS (KOHA)
Koha item type Journals
Holdings
Withdrawn status Lost status Damaged status Not for loan Home library Current library Shelving location Date acquired Koha item type
      Journals RRII Library RRII Library Rubber chemistry 17/12/2021 Journals